000 00638nam a22002057a 4500
003 OSt
005 20260424084701.0
008 260424b |||||||| |||| 00| 0 eng d
020 _a0-07-229509-0
040 _aDWC-Main lib
_cOC
082 _2compact edition
_aCirc. 808 D536 2000
100 _aDiyanni, Robert
245 _aLiterature :
_breading fiction, poetry and drama/
_cRobert Diyanni
260 _aBoston :
_bMcGraw-Hill,
_cc2000.
300 _axiii, 466 pages ;
_c23 cm.
504 _aIncludes index.
650 _a1. Literature - collections.
650 _a2. Literature.
942 _2ddc
_cBK-CIRC
_ecompact ed.
_hCirc.
_n0
999 _c9864
_d9864